|
|
|
|
| LEADER |
01025nam a2200229 i 4500 |
| 003 |
GR-PaULI |
| 005 |
20210611092448.0 |
| 008 |
210610s1996 gr |||g |||| 000 0 gre d |
| 952 |
|
|
|0 0
|1 0
|2 ddc
|4 0
|6 889_434000000000000_ΤΣΙ
|7 0
|9 325786
|a LISP
|b LISP
|c DON
|d 2021-06-10
|e ΠΑΤ
|i 146281
|l 0
|o 889.434 ΤΣΙ
|p 025000272531
|r 2021-06-10 00:00:00
|t 1
|w 2021-06-10
|y BKN
|
| 999 |
|
|
|c 182925
|d 182925
|
| 020 |
|
|
|a 9607033639
|
| 040 |
|
|
|a GR-PaULI
|b gre
|c GR-PaULI
|e AACR2
|
| 082 |
0 |
4 |
|2 23
|a 889.434
|
| 100 |
1 |
|
|9 27517
|a Τσιρόπουλος, Κώστας Ε.,
|d 1930-2017
|e συγγραφέας.
|
| 245 |
1 |
0 |
|a Για την τρυφερότητα :
|b δοκίμιο /
|c Κώστα Ε. Τσιρόπουλου.
|
| 260 |
|
|
|a Αθήνα :
|b Ευθύνη,
|c 1996.
|
| 300 |
|
|
|a 45, [2] σ. ;
|c 17 εκ.
|
| 490 |
1 |
|
|a Μικρός αστρολάβος / Ευθύνη ;
|v 4
|
| 650 |
|
4 |
|9 142091
|a Ελληνικά δοκίμια
|
| 830 |
|
0 |
|a Μικρός αστρολάβος (Ευθύνη)
|v 4.
|9 180442
|
| 942 |
|
|
|2 ddc
|c BKN
|
| 998 |
|
|
|c ΒΑΣΙΛΕΙΟΥ
|d 2021-06
|